2-Letter Vocabulary (Medium) Quiz Stats

 Plays Quiz Updated Mar 6, 2018

Score 0/22 Timer 04:00
7 Plays Today
% Correct
ha
90.8%
mm
90.4%
ab
89.9%
sh
89.6%
ow
89.4%
la
88.1%
us
88%
ad
87.7%
or
85.7%
up
85.4%
by
83.4%
% Correct
as
77.7%
in
77%
on
76.4%
of
76.4%
oy
75.4%
am
74.2%
na
74.2%
is
73.4%
to
72.3%
eh
71.7%
er
69.1%

You're not logged in!

Compare scores with friends on all Sporcle quizzes.
OR
Log In

You Might Also Like...

Show Comments

Extras

Top Quizzes Today


Score Distribution

Your Account Isn't Verified!

In order to create a playlist on Sporcle, you need to verify the email address you used during registration. Go to your Sporcle Settings to finish the process.

Report this User

Report this user for behavior that violates our Community Guidelines.

Details: